भारतीय साहित्य के निर्मात मंझन / (Record no. 111980)

MARC details
000 -LEADER
fixed length control field 01227nam a22002777a 4500
003 - CONTROL NUMBER IDENTIFIER
control field dpl
005 - DATE AND TIME OF LATEST TRANSACTION
control field 20181114150140.0
008 - FIXED-LENGTH DATA ELEMENTS--GENERAL INFORMATION
fixed length control field 181114b ||||| |||| 00| 0 eng d
010 ## - LIBRARY OF CONGRESS CONTROL NUMBER
LC control number A-920202
020 ## - INTERNATIONAL STANDARD BOOK NUMBER
Terms of availability 25.00
International Standard Book Number 8126003073
035 ## - SYSTEM CONTROL NUMBER
System control number A-920202
037 ## - SOURCE OF ACQUISITION
Source of stock number/acquisition BPPD/PUB
040 ## - CATALOGING SOURCE
Original cataloging agency DPL
Language of cataloging HN
Transcribing agency 0
082 ## - DEWEY DECIMAL CLASSIFICATION NUMBER
Classification number 821.08
Item number तिवारी
100 ## - MAIN ENTRY--PERSONAL NAME
Personal name तिवारी ,सियाराम
9 (RLIN) 45324
245 ## - TITLE STATEMENT
Title भारतीय साहित्य के निर्मात मंझन /
Statement of responsibility, etc सियाराम तिवारी
246 ## - VARYING FORM OF TITLE
Title proper/short title bhartiya sahitya ke nirmata Manjhan
Remainder of title by Siyaram Tiwari
260 ## - PUBLICATION, DISTRIBUTION, ETC. (IMPRINT)
Place of publication, distribution, etc नई दिल्ली
Name of publisher, distributor, etc साहित्य अकादेमी
Date of publication, distribution, etc 1998
270 ## - ADDRESS
Address रविन्द्र भवन 35, फिरोज़शाह मार्ग
City नई दिल्ली
Postal code 110001
300 ## - PHYSICAL DESCRIPTION
Extent 103पृष्ठ.
Dimensions 20सेमी (सजिल्द )
650 ## - SUBJECT ADDED ENTRY--TOPICAL TERM
Topical term or geographic name as entry element हिंदी साहित्य
9 (RLIN) 45325
650 ## - SUBJECT ADDED ENTRY--TOPICAL TERM
Topical term or geographic name as entry element सूफी कवि -भक्तिकाल
9 (RLIN) 45326
650 ## - SUBJECT ADDED ENTRY--TOPICAL TERM
Topical term or geographic name as entry element Hindi literature
9 (RLIN) 45327
650 ## - SUBJECT ADDED ENTRY--TOPICAL TERM
Topical term or geographic name as entry element Sufi poet Bktikal (medieval)
9 (RLIN) 45328
942 ## - ADDED ENTRY ELEMENTS (KOHA)
Source of classification or shelving scheme Dewey Decimal Classification
Koha item type Hindi Books
Classification part 821.08
Call number suffix तिवारी
Holdings
Withdrawn status Lost status Damaged status Not for loan Home library Current library Date acquired Source of acquisition Cost, normal purchase price Total Checkouts Full call number Barcode Date last seen Date checked out Copy number Cost, replacement price Price effective from Koha item type Source of classification or shelving scheme Collection code
        Central Library Central Library 06/08/2015 Cen Lib/Ret 25.00 2 821.08 तिवारी A-920198 12/03/2019 26/02/2019 1 25.00 06/08/2015 Hindi Books    
        Shahdara Branch Shahdara Branch 14/11/2018 BPPD/PUB 25.00   821.08 तिवारी A-920202 14/11/2018     25.00 14/11/2018 Hindi Books Dewey Decimal Classification Non-fiction

© Delhi Public Library
Hit Counter
free hit counter